La carne que comemos : el verdadero coste de la ganadería industrial /

Se busca concientizar sobre la devastación ambiental y de salud que conlleva la ganadería industrial. Se advierte sobre cómo las enormes cantidades de antibióticos que se usan para la cría de ganado y el consumo masivo de agua pueden llevar a problemas difíciles de resolver en el futuro. Se presenta...

Whakaahuatanga katoa

I tiakina i:
Ngā taipitopito rārangi puna kōrero
Kaituhi matua: Lymbery, Philip (autor)
Ētahi atu kaituhi: Casado, María Teresa (traducción) (traducción)
Hōputu: Pukapuka
Reo:Pāniora
I whakaputaina: Madrid, España : Alianza, 2017, c2017
Ngā marau:
Ngā Tūtohu: Tāpirihia he Tūtohu
Kāore He Tūtohu, Me noho koe te mea tuatahi ki te tūtohu i tēnei pūkete!

MARC

LEADER 00000nam^a2200000^a^4500
001 000579163
005 20250521000000.0
009 20260310132524.096
020 |a 978-84-9104-552-6 
037 |a Acervo ITESO - Biblioteca 
041 |a ESP 
082 |a 338. 1762  |b LYM 
100 |a Lymbery, Philip  |e (autor) 
245 1 3 |a La carne que comemos :  |b el verdadero coste de la ganadería industrial /  |c P. Lymbery ; tr. por M.T. Casado. 
264 4 |a Madrid, España :  |b Alianza,  |c 2017, c2017 
300 |a 192 p. 
336 |a texto  |b txt  |2 rdacontenido 
337 |a sin mediación  |b n  |2 rdamedio 
338 |a volumen  |b nc  |2 rdasoporte 
500 |a Traducción de: Farmageddon Illustrated: The True Cost of Cheap Meat 
520 |a Se busca concientizar sobre la devastación ambiental y de salud que conlleva la ganadería industrial. Se advierte sobre cómo las enormes cantidades de antibióticos que se usan para la cría de ganado y el consumo masivo de agua pueden llevar a problemas difíciles de resolver en el futuro. Se presentan también medidas (como el reducir el consumo de carne, o reducir el desperdicio de comida) para afrontar tales riesgos, y se exhorta a mejorar las condiciones de las vidas de los animales. 
521 |a FIL 2023 DIA 
649 |a XX 
650 |a Industria Alimenticia 
650 |a Industria Agropecuaria -  |x Tema Principal 
650 |a Maltrato de Animales 
650 |a Enfermedades Transmitidas por los Alimentos 
650 |a Alimentos Contaminados 
650 |a Agua -  |x Consumo 
650 |a Carne -  |x Industria y Comercio 
650 |a Contaminación Ambiental 
650 |a Deterioro Ambiental 
650 |a Impacto Ambiental -  |x Tema Principal 
650 |a Salud Pública 
650 |a Ganadería -  |x Estadísticas 
650 |a Ganadería -  |x Aspectos Sociales y Culturales -  |x Tema Principal 
700 |a Casado, María Teresa  |e (traducción) 
910 |a Fondo General 
920 |a Impresos - Libros 
930 |a Reserva Especial 
905 |a 103 
901 |a 0500403533  |b IT1  |c REE  |i C184473  |u 20250521 
902 |a https://opac.biblio.iteso.mx/vufind/Record/000579163